[Event "Dutch Open 2010"]
[Site "Dieren NED"]
[Date "2010.07.29"]
[Round "3.24"]
[White "Heemskerk, Wim"]
[Black "Van Mierlo, Guido"]
[Result "1-0"]
[WhiteElo "2249"]
[BlackElo "2053"]
[PlyCount "79"]
[EventDate "2010.07.27"]
[EventType "swiss"]
[EventRounds "9"]
[EventCountry "NED"]
[Source "lmi"]
[SourceDate "2010.07.27"]

1. c4 e5 2. g3 Nc6 3. Nc3 g6 4. Bg2 Bg7 5. e4 d6 6. Nge2 Nge7 7. d3 O-O 8. O-O
f5 9. Be3 h6 10. Qd2 Kh7 11. Rae1 Be6 12. Nd5 Qd7 13. Nxe7 Qxe7 14. exf5 Rxf5
15. b3 Re8 16. d4 Bc8 17. d5 Nd8 18. Nc3 Rff8 19. Ne4 b6 20. b4 Nf7 21. Rc1 Bf5
22. c5 Rc8 23. Rc3 Rfd8 24. Rfc1 dxc5 25. bxc5 Qd7 26. Ra3 Bxe4 27. Bxe4 bxc5
28. Qc2 Kg8 29. Bxg6 Qxd5 30. Be4 Qd6 31. Rxa7 Ng5 32. Bxg5 hxg5 33. Qxc5 Qd2
34. Rxc7 Rxc7 35. Qxc7 Rf8 36. Qc4+ Kh8 37. Rc2 Qa5 38. Qe2 Kg8 39. Bd3 Rd8 40.
Bc4+ 1-0

[Event "Dutch Open 2010"]
[Site "Dieren NED"]
[Date "2010.07.29"]
[Round "3.25"]
[White "Rietveld, Renze"]
[Black "Vereggen, Lars"]
[Result "1-0"]
[WhiteElo "2238"]
[BlackElo "1957"]
[PlyCount "87"]
[EventDate "2010.07.27"]
[EventType "swiss"]
[EventRounds "9"]
[EventCountry "NED"]
[Source "lmi"]
[SourceDate "2010.07.27"]

1. e4 c5 2. Nf3 d6 3. d4 cxd4 4. Nxd4 Nf6 5. Nc3 a6 6. f3 e6 7. Be3 Be7 8. Qd2
Nbd7 9. g4 h6 10. O-O-O Qc7 11. Qf2 b5 12. Bd3 Ne5 13. h4 Nfd7 14. Kb1 Nc5 15.
Rhg1 Bb7 16. f4 Nc4 17. Bxc4 bxc4 18. e5 dxe5 19. fxe5 Ne4 20. Nxe4 Bxe4 21.
Rgf1 Rf8 22. Qf4 Bd5 23. Nf5 g5 24. hxg5 hxg5 25. Ng7+ Kd7 26. Qd4 Rab8 27. Nf5
Ba3 28. b3 cxb3 29. axb3 Rfc8 30. Qa4+ Qc6 31. Qxc6+ Rxc6 32. Nd4 Rc3 33. Bxg5
Ke8 34. Rf2 Rg3 35. Ka2 Bc5 36. Rh2 Rb7 37. Rh8+ Kd7 38. c4 Rg2+ 39. Ka1 Rxg4
40. Be3 Rg3 41. cxd5 Rxe3 42. dxe6+ Kc7 43. exf7 Rxe5 44. Rc1 1-0

[Event "Dutch Open 2010"]
[Site "Dieren NED"]
[Date "2010.07.30"]
[Round "4.1"]
[White "Ernst, Sipke"]
[Black "Pruijssers, Roeland"]
[Result "1/2-1/2"]
[WhiteElo "2583"]
[BlackElo "2462"]
[PlyCount "40"]
[EventDate "2010.07.27"]
[EventType "swiss"]
[EventRounds "9"]
[EventCountry "NED"]
[Source "lmi"]
[SourceDate "2010.07.27"]

1. e4 e5 2. Nf3 Nc6 3. Bb5 a6 4. Bxc6 dxc6 5. O-O Be7 6. b3 Bf6 7. Bb2 Bg4 8.
h3 Bxf3 9. Qxf3 Ne7 10. d3 O-O 11. Nc3 c5 12. Qg4 Qd6 13. Rae1 b5 14. Kh1 c6
15. f4 exf4 16. e5 Bxe5 17. Ne4 Qc7 18. Bxe5 Qxe5 19. Ng5 Qd6 20. Ne4 Qh6
1/2-1/2

[Event "Dutch Open 2010"]
[Site "Dieren NED"]
[Date "2010.07.30"]
[Round "4.2"]
[White "Fargere, Francois"]
[Black "Iotov, Valentin"]
[Result "1-0"]
[WhiteElo "2478"]
[BlackElo "2581"]
[PlyCount "87"]
[EventDate "2010.07.27"]
[EventType "swiss"]
[EventRounds "9"]
[EventCountry "NED"]
[Source "lmi"]
[SourceDate "2010.07.27"]

1. e4 c5 2. Nf3 e6 3. d4 cxd4 4. Nxd4 a6 5. Nc3 Qc7 6. Bd3 Nf6 7. O-O Bc5 8.
Nb3 Be7 9. Be3 d6 10. f4 Nbd7 11. a4 h5 12. h3 b6 13. Qe2 Bb7 14. f5 e5 15. Bf2
Qc6 16. Nd2 Nc5 17. Bc4 Rc8 18. b4 Ncxe4 19. Ncxe4 Nxe4 20. b5 Qc7 21. bxa6
Nxd2 22. axb7 Nxc4 23. bxc8=Q+ Qxc8 24. Rfb1 O-O 25. Bxb6 d5 26. Bf2 e4 27. Rb5
Bf6 28. Rd1 e3 29. Be1 d4 30. Bb4 Nb2 31. Bxf8 Nxd1 32. Qxd1 Qxf8 33. Qxh5 Qd6
34. Rb7 Be7 35. Qe2 Qe5 36. Qb5 Bc5 37. Rb8+ Kh7 38. Re8 Qg3 39. Qe2 Kh6 40. a5
g6 41. fxg6 fxg6 42. Qf3 Qe1+ 43. Qf1 Qh4 44. Rh8+ 1-0

[Event "Dutch Open 2010"]
[Site "Dieren NED"]
[Date "2010.07.30"]
[Round "4.3"]
[White "Neverov, Valeriy"]
[Black "L'Ami, Erwin"]
[Result "1/2-1/2"]
[WhiteElo "2544"]
[BlackElo "2620"]
[PlyCount "52"]
[EventDate "2010.07.27"]
[EventType "swiss"]
[EventRounds "9"]
[EventCountry "NED"]
[Source "lmi"]
[SourceDate "2010.07.27"]

1. d4 Nf6 2. c4 e6 3. Nf3 d5 4. e3 c5 5. Nc3 a6 6. dxc5 Bxc5 7. a3 dxc4 8.
Qxd8+ Kxd8 9. Bxc4 b5 10. Bd3 Bb7 11. Ng5 Ke8 12. Nge4 Nbd7 13. Nxc5 Nxc5 14.
Bc2 Nfe4 15. Nxe4 Bxe4 16. Bxe4 Nxe4 17. Bd2 Nxd2 18. Kxd2 Ke7 19. Rac1 Rac8
20. Rxc8 Rxc8 21. Rc1 Rxc1 22. Kxc1 Kd6 23. Kc2 Kd5 24. Kd3 f5 25. f3 a5 26. b3
e5 1/2-1/2

[Event "Dutch Open 2010"]
[Site "Dieren NED"]
[Date "2010.07.30"]
[Round "4.4"]
[White "Ikonnikov, Vyacheslav"]
[Black "Zoler, Dan"]
[Result "1/2-1/2"]
[WhiteElo "2578"]
[BlackElo "2474"]
[PlyCount "50"]
[EventDate "2010.07.27"]
[EventType "swiss"]
[EventRounds "9"]
[EventCountry "NED"]
[Source "lmi"]
[SourceDate "2010.07.27"]

1. d4 d5 2. Nf3 Nf6 3. c4 c6 4. Nc3 dxc4 5. a4 Bf5 6. e3 e6 7. Bxc4 Bb4 8. O-O
O-O 9. Qe2 Bg6 10. Ne5 Nbd7 11. Nxg6 hxg6 12. Qc2 a5 13. Rd1 Qe7 14. h3 Rac8
15. b3 Rfe8 16. Bb2 g5 17. Qe2 e5 18. Qf3 Nb6 19. Ne4 Nxe4 20. Qxe4 Nxc4 21.
bxc4 exd4 22. Qxe7 Rxe7 23. Bxd4 Rd8 24. Bb6 Rdd7 25. Kh2 f6 1/2-1/2

[Event "Dutch Open 2010"]
[Site "Dieren NED"]
[Date "2010.07.30"]
[Round "4.5"]
[White "Milov, Leonid"]
[Black "Mekhitarian, Krikor Sevag"]
[Result "0-1"]
[WhiteElo "2562"]
[BlackElo "2511"]
[PlyCount "78"]
[EventDate "2010.07.27"]
[EventType "swiss"]
[EventRounds "9"]
[EventCountry "NED"]
[Source "lmi"]
[SourceDate "2010.07.27"]

1. e4 c5 2. Nf3 Nc6 3. d4 cxd4 4. Nxd4 e6 5. Nc3 Qc7 6. Be3 a6 7. Be2 Nf6 8. f4
d6 9. a3 Be7 10. O-O O-O 11. Qe1 Nxd4 12. Bxd4 e5 13. Be3 exf4 14. Bxf4 Be6 15.
Qg3 Rfd8 16. Rad1 Nd7 17. Bg4 Ne5 18. Bxe6 fxe6 19. Qh3 Qc8 20. Ne2 Bf6 21. Nd4
Re8 22. c3 Nc4 23. Bc1 Qd7 24. b3 Ne5 25. c4 b5 26. cxb5 axb5 27. Kh1 Rac8 28.
Bd2 Nf7 29. Bb4 d5 30. Qd3 dxe4 31. Qxb5 Qd5 32. Rfe1 Bxd4 33. Qxd5 exd5 34.
Rxd4 Re5 35. h3 Ng5 36. Bd6 Rf5 37. Re3 Rc2 38. Bg3 Rf1+ 39. Kh2 Nf3+ 0-1

[Event "Dutch Open 2010"]
[Site "Dieren NED"]
[Date "2010.07.30"]
[Round "4.6"]
[White "Haub, Thorsten Michael"]
[Black "Kollen, Zyon"]
[Result "0-1"]
[WhiteElo "2518"]
[BlackElo "2002"]
[PlyCount "68"]
[EventDate "2010.07.27"]
[EventType "swiss"]
[EventRounds "9"]
[EventCountry "NED"]
[Source "lmi"]
[SourceDate "2010.07.27"]

1. g3 Nf6 2. Bg2 g6 3. b4 Bg7 4. Bb2 O-O 5. c4 c6 6. Nf3 Qb6 7. a3 a5 8. Bd4
Qc7 9. O-O axb4 10. axb4 Rxa1 11. Bxa1 Qb6 12. Qb3 Na6 13. Bc3 d5 14. d3 dxc4
15. dxc4 Bf5 16. Ne1 Ne4 17. Bxg7 Kxg7 18. Nd3 Nf6 19. c5 Qa7 20. Ne5 Be6 21.
Qb2 Nc7 22. Nc3 Ra8 23. Qd2 Qa3 24. Qd4 Qb2 25. Nd3 Qb3 26. Rb1 Nb5 27. Rxb3
Nxd4 28. Rb2 Ra3 29. Nb1 Nxe2+ 30. Rxe2 Rxd3 31. Rb2 Rd1+ 32. Bf1 Bh3 33. Nd2
Ne4 34. Rb3 g5 0-1

[Event "Dutch Open 2010"]
[Site "Dieren NED"]
[Date "2010.07.30"]
[Round "4.7"]
[White "Klein, David"]
[Black "Moradiabadi, Elshan"]
[Result "0-1"]
[WhiteElo "2297"]
[BlackElo "2571"]
[PlyCount "114"]
[EventDate "2010.07.27"]
[EventType "swiss"]
[EventRounds "9"]
[EventCountry "NED"]
[Source "lmi"]
[SourceDate "2010.07.27"]

1. e4 e5 2. Nf3 Nc6 3. Bb5 a6 4. Ba4 Nf6 5. d3 d6 6. c3 Bd7 7. Nbd2 g6 8. O-O
Bg7 9. Re1 O-O 10. Nf1 b5 11. Bc2 Nh5 12. h3 Qc8 13. d4 a5 14. a4 b4 15. Ne3
bxc3 16. bxc3 exd4 17. Nxd4 Nf6 18. Nb5 Re8 19. Bb2 Rb8 20. Rb1 Rb7 21. Nc4 Nh5
22. Qf3 Be6 23. Bd3 Bxc4 24. Bxc4 Ne5 25. Qe2 Nf4 26. Qf1 Qd8 27. Bc1 Nxh3+ 28.
gxh3 Nf3+ 29. Kg2 Nxe1+ 30. Qxe1 d5 31. Ba2 Rxe4 32. Qd1 c6 33. Nd4 Qc7 34.
Nxc6 Rxb1 35. Bxb1 Rc4 36. Nd4 Bxd4 37. Ba2 Bxc3 38. Bxc4 Qxc4 39. Bh6 Bg7 40.
Bd2 d4 41. Qf3 Qxa4 42. Qa8+ Bf8 43. Bxa5 Qb5 44. Bc7 Qc5 45. Bf4 Kg7 46. Qb8
Qd5+ 47. Kg3 Be7 48. Be5+ f6 49. Bf4 g5 50. Bc7 d3 51. Qe8 Bd6+ 52. f4 Bxc7 53.
Kg4 f5+ 54. Kxg5 Qd8+ 55. Kh5 Qxe8+ 56. Kg5 Qg6+ 57. Kh4 Bd8# 0-1

[Event "Dutch Open 2010"]
[Site "Dieren NED"]
[Date "2010.07.30"]
[Round "4.8"]
[White "Goudriaan, Etienne"]
[Black "Brandenburg, Daan"]
[Result "1-0"]
[WhiteElo "2223"]
[BlackElo "2514"]
[PlyCount "117"]
[EventDate "2010.07.27"]
[EventType "swiss"]
[EventRounds "9"]
[EventCountry "NED"]
[Source "lmi"]
[SourceDate "2010.07.27"]

1. e4 c5 2. Nf3 d6 3. d4 cxd4 4. Nxd4 Nf6 5. Nc3 Nc6 6. Bg5 e6 7. Qd2 a6 8.
O-O-O Bd7 9. f3 Be7 10. Be3 b5 11. g4 h6 12. Nxc6 Bxc6 13. Ne2 Rc8 14. Nd4 Bb7
15. Kb1 Nd7 16. Rg1 g5 17. h4 Ne5 18. Be2 Rg8 19. hxg5 hxg5 20. Rh1 d5 21. exd5
Bxd5 22. Rh5 Nc4 23. Bxc4 Rxc4 24. b3 Rc8 25. Nf5 exf5 26. Qxd5 Qxd5 27. Rxd5
Rc3 28. Re5 f4 29. Bd4 Rc6 30. Rh7 Rf8 31. Rh1 Kd7 32. Rhe1 Re6 33. Rxe6 fxe6
34. Rh1 Bf6 35. Bc5 Rf7 36. Bb4 Kc6 37. Kc1 e5 38. Kd2 Kd5 39. Ke2 Ke6 40. c3
Rd7 41. Rh6 Kf7 42. Rh1 Ra7 43. Bc5 Rc7 44. Rh7+ Bg7 45. Bd6 Kg6 46. Bxc7 Kxh7
47. Kd3 e4+ 48. Kxe4 Bxc3 49. Kf5 a5 50. Kxg5 a4 51. Bxf4 Kg7 52. Kf5 Kf7 53.
Be5 Bd2 54. f4 Bc1 55. g5 Bd2 56. g6+ Ke7 57. Ke4 Bc1 58. f5 Bh6 59. Kd5 1-0

[Event "Dutch Open 2010"]
[Site "Dieren NED"]
[Date "2010.07.30"]
[Round "4.10"]
[White "Pedersen, Nicolai Vesterba"]
[Black "Rietveld, Renze"]
[Result "0-1"]
[WhiteElo "2461"]
[BlackElo "2238"]
[PlyCount "60"]
[EventDate "2010.07.27"]
[EventType "swiss"]
[EventRounds "9"]
[EventCountry "NED"]
[Source "lmi"]
[SourceDate "2010.07.27"]

1. e4 c5 2. c3 g6 3. d4 cxd4 4. cxd4 d5 5. e5 Nc6 6. Nc3 Nh6 7. Bb5 Bg7 8. h3
O-O 9. Nf3 Na5 10. Bf4 f6 11. O-O a6 12. Bd3 Nf7 13. exf6 exf6 14. Re1 b5 15.
Nxd5 Ra7 16. Nb4 Rd7 17. Re6 Bb7 18. Nxa6 Ne5 19. Nxe5 fxe5 20. Be3 exd4 21.
Bd2 Rdf7 22. f3 Nc4 23. Be4 Qc8 24. Bxb7 Qxe6 25. Nc5 Qb6 26. Bb4 Rxb7 27. Nxb7
Rc8 28. Nc5 Rxc5 29. Bxc5 Qxc5 30. b3 d3+ 0-1

[Event "Dutch Open 2010"]
[Site "Dieren NED"]
[Date "2010.07.30"]
[Round "4.11"]
[White "Siebrecht, Sebastian"]
[Black "Kabos, Tobias"]
[Result "1-0"]
[WhiteElo "2417"]
[BlackElo "2214"]
[PlyCount "37"]
[EventDate "2010.07.27"]
[EventType "swiss"]
[EventRounds "9"]
[EventCountry "NED"]
[Source "lmi"]
[SourceDate "2010.07.27"]

1. d4 Nf6 2. c4 e6 3. Nf3 b6 4. g3 Ba6 5. Nbd2 Bb7 6. Bg2 c5 7. d5 exd5 8. Nh4
d6 9. O-O g6 10. cxd5 Bg7 11. Qa4+ Qd7 12. Qxd7+ Kxd7 13. e4 Re8 14. f4 Kc7 15.
e5 Nxd5 16. Nc4 dxe5 17. fxe5 Re7 18. Bg5 Rd7 19. Bh3 1-0

[Event "Dutch Open 2010"]
[Site "Dieren NED"]
[Date "2010.07.30"]
[Round "4.12"]
[White "Stjazhkina, Olga"]
[Black "Miedema, David"]
[Result "0-1"]
[WhiteElo "2273"]
[BlackElo "2414"]
[PlyCount "78"]
[EventDate "2010.07.27"]
[EventType "swiss"]
[EventRounds "9"]
[EventCountry "NED"]
[Source "lmi"]
[SourceDate "2010.07.27"]

1. e4 e6 2. d3 d5 3. Qe2 Nf6 4. Nf3 Be7 5. g3 c5 6. Bg2 Nc6 7. e5 Nd7 8. c4 Qc7
9. Bf4 d4 10. h4 b6 11. Nbd2 Bb7 12. O-O h6 13. Ne4 O-O-O 14. Rfe1 Rdg8 15.
Nd6+ Bxd6 16. exd6 Qd8 17. h5 Re8 18. Ne5 Ndxe5 19. Bxe5 f6 20. Bf4 e5 21. Qg4+
Qd7 22. Bh3 Qxg4 23. Bxg4+ Kd8 24. d7 Ref8 25. Bd2 f5 26. Bf3 e4 27. dxe4 Ne5
28. Bg2 fxe4 29. Bf4 Nd3 30. Bxe4 Nxe1 31. Bxb7 Nd3 32. Bc6 Nxf4 33. gxf4 Kc7
34. Ba4 Rxf4 35. Re1 Rd8 36. Re6 d3 37. Rc6+ Kb7 38. Rd6 Rxc4 39. b3 Rd4 0-1

[Event "Dutch Open 2010"]
[Site "Dieren NED"]
[Date "2010.07.30"]
[Round "4.13"]
[White "Mostertman, Milan"]
[Black "Van Delft, Merijn"]
[Result "0-1"]
[WhiteElo "2207"]
[BlackElo "2364"]
[PlyCount "100"]
[EventDate "2010.07.27"]
[EventType "swiss"]
[EventRounds "9"]
[EventCountry "NED"]
[Source "lmi"]
[SourceDate "2010.07.27"]

1. e4 c5 2. Nf3 d6 3. d4 cxd4 4. Nxd4 Nf6 5. Nc3 a6 6. Be2 g6 7. Be3 Bg7 8. Qd2
Nbd7 9. Bh6 Bxh6 10. Qxh6 b5 11. h4 Bb7 12. f3 Rc8 13. h5 Nxh5 14. Ne6 fxe6 15.
Rxh5 Nf6 16. Rh1 b4 17. e5 dxe5 18. Qxg6+ hxg6 19. Rxh8+ Kd7 20. Rd1+ Nd5 21.
Rxd8+ Kxd8 22. Nxd5 exd5 23. Bd3 Rc6 24. Kd2 Kc7 25. Rh1 Re6 26. Rh4 a5 27. Ke3
Ba6 28. Rh8 Bxd3 29. Kxd3 e4+ 30. fxe4 Rxe4 31. Ra8 Rg4 32. Rxa5 Kd6 33. c3
Rg3+ 34. Kc2 bxc3 35. bxc3 Rxg2+ 36. Kd3 Rg3+ 37. Kd2 e5 38. a4 g5 39. Ra8 e4
40. a5 g4 41. a6 Kc7 42. Ke2 Rxc3 43. a7 Ra3 44. Kf2 d4 45. Rg8 e3+ 46. Ke2
Rxa7 47. Kd3 Ra2 48. Rg7+ Kd6 49. Rg6+ Ke5 50. Rg5+ Kf4 0-1

[Event "Dutch Open 2010"]
[Site "Dieren NED"]
[Date "2010.07.30"]
[Round "4.14"]
[White "De Jong, Migchiel"]
[Black "Merza, Morris"]
[Result "1-0"]
[WhiteElo "2358"]
[BlackElo "2063"]
[PlyCount "93"]
[EventDate "2010.07.27"]
[EventType "swiss"]
[EventRounds "9"]
[EventCountry "NED"]
[Source "lmi"]
[SourceDate "2010.07.27"]

1. e4 c6 2. d3 d5 3. Nd2 e5 4. Ngf3 Bd6 5. d4 exd4 6. exd5 cxd5 7. Bb5+ Nc6 8.
Nxd4 Nge7 9. N2f3 O-O 10. O-O Qc7 11. c3 Bg4 12. h3 Nxd4 13. cxd4 Bh5 14. Bd3
Bg6 15. Bxg6 Nxg6 16. Qb3 Qd7 17. Re1 Rae8 18. Bd2 Re4 19. Rxe4 dxe4 20. Ng5
Bf4 21. Bxf4 Nxf4 22. Qe3 Ne6 23. Rd1 Nxg5 24. Qxg5 Qa4 25. Rd2 Qxa2 26. d5
Qa1+ 27. Kh2 Qa5 28. Qf4 Qd8 29. d6 Qd7 30. Rc2 Rd8 31. Rc7 Qe6 32. Rxb7 f6 33.
Qg3 g6 34. d7 Rxd7 35. Qb8+ Kg7 36. Rxa7 g5 37. b4 Rxa7 38. Qxa7+ Kf8 39. Qb8+
Kf7 40. b5 Qf5 41. b6 Qxf2 42. Qc7+ Kg6 43. b7 e3 44. b8=Q e2 45. Qg8+ Kf5 46.
Qgxh7+ Ke6 47. Qhd7# 1-0

[Event "Dutch Open 2010"]
[Site "Dieren NED"]
[Date "2010.07.30"]
[Round "4.15"]
[White "Hendrikx, Niels"]
[Black "Shalnev, Nikolai"]
[Result "1/2-1/2"]
[WhiteElo "2108"]
[BlackElo "2436"]
[PlyCount "98"]
[EventDate "2010.07.27"]
[EventType "swiss"]
[EventRounds "9"]
[EventCountry "NED"]
[Source "lmi"]
[SourceDate "2010.07.27"]

1. e4 c5 2. Nc3 d6 3. f4 Nc6 4. Nf3 Nd4 5. Nxd4 cxd4 6. Bb5+ Bd7 7. Bxd7+ Qxd7
8. Ne2 e5 9. d3 g6 10. O-O Ne7 11. Ng3 exf4 12. Bxf4 Bg7 13. Bg5 O-O 14. Bxe7
Qxe7 15. Ne2 d5 16. exd5 Qc5 17. Kh1 Rac8 18. c4 dxc3 19. bxc3 Qxd5 20. d4 Rfe8
21. Rf3 b6 22. Nf4 Qe4 23. Qd3 f5 24. Qxe4 Rxe4 25. Rd1 Kf7 26. Kg1 Ke8 27. Kf2
Kd7 28. Re1 Rxe1 29. Kxe1 Rc4 30. Rh3 h6 31. Nxg6 Ra4 32. Re3 Bf6 33. Re2 Ra3
34. Rc2 Kd6 35. Nf4 Bg5 36. Nd3 Kd5 37. Ke2 Be7 38. Ke3 Bg5+ 39. Ke2 b5 40. g3
Be7 41. Ke3 Bd6 42. Ke2 a6 43. Ke3 a5 44. Ke2 h5 45. Ke3 Bc7 46. Rf2 Ke6 47.
Rb2 Rxc3 48. Rxb5 Ra3 49. Rc5 Bd6 1/2-1/2

[Event "Dutch Open 2010"]
[Site "Dieren NED"]
[Date "2010.07.30"]
[Round "4.16"]
[White "Vogel, Jaap"]
[Black "Odendahl, Reiner"]
[Result "1/2-1/2"]
[WhiteElo "2184"]
[BlackElo "2382"]
[PlyCount "43"]
[EventDate "2010.07.27"]
[EventType "swiss"]
[EventRounds "9"]
[EventCountry "NED"]
[Source "lmi"]
[SourceDate "2010.07.27"]

1. Nf3 c5 2. g3 g6 3. Bg2 Bg7 4. c4 Nc6 5. Nc3 Nf6 6. O-O O-O 7. d4 cxd4 8.
Nxd4 Nxd4 9. Qxd4 d6 10. Qh4 Be6 11. Bxb7 Rb8 12. Bf3 Qa5 13. Nd5 Bxd5 14. cxd5
Rfc8 15. a3 Rb3 16. Rd1 Qa6 17. Rb1 Rcb8 18. Rd4 Rxa3 19. Rb4 Rb3 20. Ra4 Qb7
21. Be3 a6 22. Qc4 1/2-1/2

[Event "Dutch Open 2010"]
[Site "Dieren NED"]
[Date "2010.07.30"]
[Round "4.17"]
[White "Michalczak, Thomas"]
[Black "Both, Erik"]
[Result "1-0"]
[WhiteElo "2367"]
[BlackElo "2195"]
[PlyCount "65"]
[EventDate "2010.07.27"]
[EventType "swiss"]
[EventRounds "9"]
[EventCountry "NED"]
[Source "lmi"]
[SourceDate "2010.07.27"]

1. e4 g6 2. d4 Bg7 3. Nc3 d6 4. f4 Nf6 5. Nf3 O-O 6. Bd3 Na6 7. O-O c5 8. d5
Bd7 9. Qe2 Nc7 10. a4 b6 11. Nb5 a6 12. Nxc7 Qxc7 13. c4 e6 14. Qc2 Rab8 15.
Ra3 exd5 16. exd5 b5 17. axb5 axb5 18. b3 b4 19. Ra2 Ra8 20. Rxa8 Rxa8 21. f5
Ng4 22. h3 Ne5 23. Nxe5 Bxe5 24. fxg6 hxg6 25. Bxg6 Be8 26. Qf5 Ra1 27. Bh7+
Kg7 28. Qh5 Qe7 29. Qh6+ Kh8 30. Bg6+ Kg8 31. Qh7+ Kf8 32. Bh6+ Bg7 33. Qh8#
1-0

[Event "Dutch Open 2010"]
[Site "Dieren NED"]
[Date "2010.07.30"]
[Round "4.18"]
[White "Vermeulen, Wesley"]
[Black "Zelbel, Patrick"]
[Result "0-1"]
[WhiteElo "2173"]
[BlackElo "2345"]
[PlyCount "94"]
[EventDate "2010.07.27"]
[EventType "swiss"]
[EventRounds "9"]
[EventCountry "NED"]
[Source "lmi"]
[SourceDate "2010.07.27"]

1. e4 c5 2. Nf3 d6 3. d4 cxd4 4. Nxd4 Nf6 5. Nc3 g6 6. f3 Bg7 7. Be3 Nc6 8. Bc4
O-O 9. Qd2 Bd7 10. O-O-O Rc8 11. Bb3 Nxd4 12. Bxd4 b5 13. e5 dxe5 14. Bxe5 Bc6
15. Qxd8 Rfxd8 16. Rxd8+ Rxd8 17. Rd1 Bh6+ 18. Kb1 Rxd1+ 19. Nxd1 Nd7 20. Bd4
a6 21. Nc3 e6 22. a4 Bf4 23. axb5 axb5 24. h3 Kf8 25. Ne4 Ke7 26. c4 f5 27. Nc5
e5 28. Bf2 Nxc5 29. Bxc5+ Kf6 30. Bd6 g5 31. cxb5 Bxb5 32. Bc2 e4 33. Bxf4 gxf4
34. fxe4 Bf1 35. Kc1 Bxg2 36. exf5 f3 37. Be4 Ke5 38. Bc6 Kxf5 39. b4 Kf4 40.
b5 Kg3 41. b6 f2 42. Bb5 Kxh3 43. Kd2 Kg3 44. Ke3 h5 45. Be2 h4 46. Bd3 h3 47.
Bf1 h2 0-1

[Event "Dutch Open 2010"]
[Site "Dieren NED"]
[Date "2010.07.30"]
[Round "4.19"]
[White "Huhndorf, Arnold"]
[Black "Timmermans, Mark"]
[Result "1/2-1/2"]
[WhiteElo "2311"]
[BlackElo "2169"]
[PlyCount "140"]
[EventDate "2010.07.27"]
[EventType "swiss"]
[EventRounds "9"]
[EventCountry "NED"]
[Source "lmi"]
[SourceDate "2010.07.27"]

1. d4 Nf6 2. c4 e6 3. g3 d5 4. Nf3 Be7 5. Bg2 O-O 6. O-O dxc4 7. Ne5 Nc6 8.
Nxc6 bxc6 9. e3 Nd5 10. Qc2 Ba6 11. Rd1 Nb4 12. Qd2 Rb8 13. b3 c5 14. Na3 cxd4
15. exd4 cxb3 16. axb3 Bb7 17. Nc4 Bxg2 18. Kxg2 c5 19. dxc5 Qxd2 20. Bxd2 Bxc5
21. Be3 Bxe3 22. Nxe3 Rb7 23. Ra4 Rfb8 24. Rda1 Nc6 25. Ra6 Nd4 26. Rxa7 h6 27.
Rxb7 Rxb7 28. Rb1 Rxb3 29. Rxb3 Nxb3 30. h4 f5 31. f4 Kf7 32. Nc4 Nc5 33. Ne5+
Ke8 34. Kf3 Nd7 35. Nd3 Ke7 36. Kg2 Kd6 37. Kf2 Kd5 38. Nb4+ Kc5 39. Na6+ Kb6
40. Nb4 Kc5 41. Na6+ Kd6 42. Nb4 e5 43. fxe5+ Nxe5 44. Ke3 g5 45. hxg5 hxg5 46.
Nc2 Kd5 47. Nd4 Nc4+ 48. Kd3 Nb2+ 49. Ke3 Ke5 50. Nf3+ Kf6 51. Nd4 Nc4+ 52. Kd3
Nd6 53. Ke3 Kg6 54. Kf3 Nc4 55. Nc6 Kh5 56. Nd4 Ne5+ 57. Kg2 Kg4 58. Ne2 Nd3
59. Nd4 Nc5 60. Nf3 Nd3 61. Nh2+ Kh5 62. Nf3 g4 63. Nd4 Kg5 64. Kf1 Nc5 65. Kf2
Kf6 66. Ke3 Ne6 67. Nc6 Nc7 68. Nd4 Nd5+ 69. Kf2 Nc3 70. Ke3 Nd5+ 1/2-1/2

[Event "Dutch Open 2010"]
[Site "Dieren NED"]
[Date "2010.07.30"]
[Round "4.20"]
[White "Kartsev, Alexandr"]
[Black "Diepeveen, Vincent"]
[Result "0-1"]
[WhiteElo "2145"]
[BlackElo "2294"]
[PlyCount "62"]
[EventDate "2010.07.27"]
[EventType "swiss"]
[EventRounds "9"]
[EventCountry "NED"]
[Source "lmi"]
[SourceDate "2010.07.27"]

1. d4 Nf6 2. Nf3 d5 3. c4 c6 4. Nc3 e6 5. cxd5 exd5 6. Bg5 Be7 7. e3 Bf5 8. Bd3
Bxd3 9. Qxd3 O-O 10. h4 Nbd7 11. O-O-O Re8 12. Ne5 Nxe5 13. dxe5 Ng4 14. Qf5
Qc8 15. Qf4 Qe6 16. Ne2 Nxe5 17. Nd4 Qd6 18. Bxe7 Qxe7 19. Nf5 Qf6 20. Rd2 Nc4
21. Rc2 Re4 22. Qf3 Ne5 23. Qh5 Rc4 24. g4 Re8 25. b3 Nd3+ 26. Kb1 Rxc2 27.
Kxc2 Nb4+ 28. Kb1 Qc3 29. Rc1 Qd2 30. Rc5 Nd3 31. Rc2 Qd1+ 0-1

[Event "Dutch Open 2010"]
[Site "Dieren NED"]
[Date "2010.07.30"]
[Round "4.21"]
[White "Monsma, Menno"]
[Black "Rijnaarts, Sjef"]
[Result "1-0"]
[WhiteElo "2073"]
[BlackElo "2264"]
[PlyCount "82"]
[EventDate "2010.07.27"]
[EventType "swiss"]
[EventRounds "9"]
[EventCountry "NED"]
[Source "lmi"]
[SourceDate "2010.07.27"]

1. e4 c5 2. Nf3 e6 3. d3 Nc6 4. g3 Nf6 5. Bg2 d5 6. Nbd2 g6 7. O-O Bg7 8. exd5
Nxd5 9. Ne4 b6 10. Bg5 f6 11. Bd2 O-O 12. Nc3 Nde7 13. Qc1 Re8 14. Bh6 Bh8 15.
h4 Bb7 16. g4 Qd7 17. Qf4 Rad8 18. Rae1 Nb4 19. Re2 Ned5 20. Nxd5 Nxd5 21. Qg3
Bc8 22. Rfe1 Qa4 23. a3 c4 24. dxc4 Qxc4 25. Rd2 Ne7 26. Red1 Rxd2 27. Rxd2 e5
28. Nh2 Be6 29. Qf3 f5 30. Qb7 fxg4 31. Qxe7 Rxe7 32. Rd8+ Re8 33. Rxe8+ Kf7
34. Rxh8 Qxc2 35. Rxh7+ Ke8 36. Bg5 Bf7 37. b4 e4 38. Nf1 Qc3 39. Bxe4 Kf8 40.
Bh6+ Ke8 41. b5 Qxa3 1-0

[Event "Dutch Open 2010"]
[Site "Dieren NED"]
[Date "2010.07.30"]
[Round "4.22"]
[White "Akrawi, Samir"]
[Black "Kahleys, Kevin"]
[Result "1-0"]
[WhiteElo "2247"]
[BlackElo "2071"]
[PlyCount "71"]
[EventDate "2010.07.27"]
[EventType "swiss"]
[EventRounds "9"]
[EventCountry "NED"]
[Source "lmi"]
[SourceDate "2010.07.27"]

1. d4 d5 2. Nf3 c6 3. Bg5 h6 4. Bh4 Nf6 5. e3 Bf5 6. Bxf6 exf6 7. Bd3 Bxd3 8.
Qxd3 Be7 9. O-O O-O 10. c4 dxc4 11. Qxc4 Nd7 12. Nc3 f5 13. Rfd1 g6 14. Ne5
Nxe5 15. dxe5 Qc8 16. a4 Rd8 17. Rxd8+ Qxd8 18. e6 Qe8 19. Qb3 Rb8 20. Rd1 Bf6
21. Rd6 Kg7 22. Rd7 Be7 23. Rxb7 Rxb7 24. Qxb7 fxe6 25. Qxa7 Kf7 26. Qb7 Qd8
27. g3 Kf6 28. Qxc6 Bb4 29. e4 Bxc3 30. Qxc3+ e5 31. Qc6+ Kg5 32. h4+ Kh5 33.
Qd5 f4 34. Qxd8 f3 35. Qe8 Kg4 36. Qxg6+ 1-0

[Event "Dutch Open 2010"]
[Site "Dieren NED"]
[Date "2010.07.30"]
[Round "4.23"]
[White "Van Leent, Dimitri"]
[Black "Von Meijenfeldt, Bart"]
[Result "0-1"]
[WhiteElo "2209"]
[BlackElo "2034"]
[PlyCount "84"]
[EventDate "2010.07.27"]
[EventType "swiss"]
[EventRounds "9"]
[EventCountry "NED"]
[Source "lmi"]
[SourceDate "2010.07.27"]

1. c4 Nf6 2. g3 g6 3. Bg2 Bg7 4. Nc3 O-O 5. e4 d6 6. Nge2 c5 7. O-O Nc6 8. d3
Rb8 9. h3 a6 10. f4 Nd4 11. Nxd4 cxd4 12. Ne2 Nd7 13. b4 b5 14. cxb5 axb5 15.
f5 Nb6 16. Bg5 Rb7 17. Qd2 d5 18. Bh6 dxe4 19. Bxe4 Rc7 20. Bxg7 Kxg7 21. Qb2
Rd7 22. Rf4 e5 23. fxe6 fxe6 24. Rxf8 Kxf8 25. Rf1+ Kg7 26. Qc2 Rc7 27. Qd2 e5
28. g4 Qh4 29. Kg2 h5 30. Ng3 hxg4 31. hxg4 Qxg4 32. Rh1 Qf4 33. Qe2 Bg4 34.
Qf2 Qxf2+ 35. Kxf2 Rc2+ 36. Kg1 Rxa2 37. Rh4 Be6 38. Bc6 Bd7 39. Bb7 Ra3 40.
Ne4 Rxd3 41. Nc5 Rd1+ 42. Kf2 Bf5 0-1